000 01202nam a22003377a 4500
003 CHAP
005 20220817043308.0
008 971013s1985 r 00010 d
010 _a70942
011 _a71914
035 _a81468
040 _cCHAP
082 _a636.08
_bN45 v.5A
100 0 0 _aNeimann - Sorensen, A.
_eed.
245 _aEthology of farm animals
_b: a comprehensive study of the behavioural features of the common farm animals
260 _aAmsterdam :
_bElsevier,
_c1985
300 _a500 p.
_b: ilus.
490 _aWorld animal science
_v; A5
590 _aBATCH-UPD
_b10
_c20130110
_lUCH01
_h1830
590 _aBATCH-UPD
_b10
_c20130410
_lUCH01
_h1203
590 _aBATCH-UPD
_b10
_c20130914
_lUCH01
_h1501
590 _aCONVERSION
_b10
_c20130109
_lUCH01
_h1339
650 1 4 _aAnimales domesticos
_xHabitos y conducta.
_95906
650 1 4 _aGanaderĂ­a.
_944604
700 0 _aFraser, A. F.
_eed.
_943059
830 0 _aWorld animal science
_v; A5
_9122687
901 _aBK
942 _cLIBRO
949 _a636.08 N45 v.5A
_bBC
_cLIBRO
_d33724000260709
_eLIBRO
_gI. 172353
_h86573
_i81468
_si
_t713.89
949 _a636.08 N45 v.5A
_bBC
_cLIBRO
_d33724000605853
_eLIBRO
_fc.2
_h70696
_i81468
_si
_t713.89
999 _c70942
_d70942